000 00716nam a2200217Ia 4500
008 101110s9999 xx 000 0 und d
041 _aENGLISH
082 _bSR34964
100 _aRachchh Minaxi A,Gadade Siddheshwar, Patil Eknath A. & Rachchh Gunvantrai A.
245 _aFinancial accounting & auditing paper-3 : Financial accounting TYBCOM
260 _c2010
_bPearson education, Noida
300 _a760
365 _b299
520 _aCommerce
546 _aENGLISH
630 _aFinancial accounting & auditing paper-3 : Financial accounting TYBCOM
650 _aCommerce
655 _aCommerce
730 _aFinancial accounting & auditing paper-3 : Financial accounting TYBCOM
942 _cBOOK
999 _c827465
_d827462